header

Electroconvulsive therapy (Record no. 11587)

MARC details
000 -LEADER
fixed length control field 01314nam a2200325Ia 4500
100 1# - MAIN ENTRY--AUTHOR NAME
Personal name Fink, Max,
245 10 - TITLE STATEMENT
Title Electroconvulsive therapy
260 ## - PUBLICATION, DISTRIBUTION, ETC. (IMPRINT)
Place of publication Oxford ;
-- New York :
Name of publisher Oxford University Press,
Year of publication 2009.
300 ## - PHYSICAL DESCRIPTION
Number of Pages xvi, 162 p. :
Other physical details ill.
500 ## - GENERAL NOTE
General note Rev. ed. of: Electroshock : healing mental illness. 2003.
650 #0 - SUBJECT ADDED ENTRY--TOPICAL TERM
Topical Term Electroconvulsive therapy.
Topical Term Electrotherapeutics.
700 1# - ADDED ENTRY--PERSONAL NAME
Personal name Fink, Max,
856 40 - ELECTRONIC LOCATION AND ACCESS
Uniform Resource Identifier http://site.ebrary.com/lib/rucke/Doc?id=10263727

No items available.

© 2026 Rongo University
Contact us: librarian | system librarian | Rongo university